Тезисы докладов расширенного заседания научно-производственного совета Армянской противочумной станции : (Record no. 141174)
[ view plain ]
| 000 -LEADER | |
|---|---|
| fixed length control field | 01355nam a2200217 a 4500 |
| 001 - CONTROL NUMBER | |
| control field | 000369292 |
| 003 - CONTROL NUMBER IDENTIFIER | |
| control field | AM-YeHGA |
| 005 - DATE AND TIME OF LATEST TRANSACTION | |
| control field | 20250618072253.0 |
| 008 - FIXED-LENGTH DATA ELEMENTS--GENERAL INFORMATION | |
| fixed length control field | 041013s1983 ai 000 | rus d |
| 040 ## - CATALOGING SOURCE | |
| Original cataloging agency | AM-YeHGA |
| 041 0# - LANGUAGE CODE | |
| Language code of text/sound track or separate title | rus |
| 090 ## - LOCALLY ASSIGNED LC-TYPE CALL NUMBER (OCLC); LOCAL CALL NUMBER (RLIN) | |
| -- | 142554 |
| 110 1# - MAIN ENTRY--CORPORATE NAME | |
| Corporate name or jurisdiction name as entry element | Армянская противочумная станция. |
| Subordinate unit | Научно-производственний совет. |
| -- | Расширенное заседание |
| Date of meeting or treaty signing | ( 1983; |
| Location of meeting | Кафан ) |
| 245 10 - TITLE STATEMENT | |
| Title | Тезисы докладов расширенного заседания научно-производственного совета Армянской противочумной станции : |
| Remainder of title | ( г. Кафан, май 1983 г. ) / |
| Statement of responsibility, etc. | Мин-во здравоохранения СССР. Арм. противочумная станция; Ред. кол.: Л. А. Аревшатян и др. |
| 260 ## - PUBLICATION, DISTRIBUTION, ETC. | |
| Place of publication, distribution, etc. | Ереван : |
| Name of publisher, distributor, etc. | Б. и. , |
| Date of publication, distribution, etc. | 1983. |
| 300 ## - PHYSICAL DESCRIPTION | |
| Extent | 44 с. ; |
| Dimensions | 21 см. |
| 500 ## - GENERAL NOTE | |
| General note | Посвящается 40-летию образования ПЧС |
| 650 14 - SUBJECT ADDED ENTRY--TOPICAL TERM | |
| Topical term or geographic name entry element | Санитарно-профилактические учреждения |
| General subdivision | Противочумные станции |
| Geographic subdivision | Армянская ССР |
| 700 1# - ADDED ENTRY--PERSONAL NAME | |
| Personal name | Արևշատյան, Լևոն Արտոյի, |
| Dates associated with a name | 1938- |
| Relator term | ред. |
| Relationship | edt |
| 9 (RLIN) | 3141 |
| 710 2# - ADDED ENTRY--CORPORATE NAME | |
| Corporate name or jurisdiction name as entry element | Министерство здравоохранения ССР |
| Withdrawn status | Lost status | Damaged status | Not for loan | Collection | Home library | Current library | Date acquired | Total checkouts | Full call number | Barcode | Date last seen | Price effective from | Koha item type | Public note |
|---|---|---|---|---|---|---|---|---|---|---|---|---|---|---|
| General | Fundamental Scientific Library | Fundamental Scientific Library | 22/12/2016 | PII/512129 | FL0210661 | 22/12/2016 | 22/12/2016 | Գրքեր / Books | 30 Days Loan |
ՀՀ Գիտությունների ազգային ակադեմիայի հիմնարար գիտական գրադարան = Fundamental Scientific Library of NAS RA
All site content, except where otherwise noted, is licensed under a